00398 2200157 4500001002100000005001500021035002000036245005500056100001800111300002800129260003100157082000800188084001400196020001800210990001200228INLIS00000000000333020251222095513 a0010-12250001511 aChiken Soup For The Couple's Soul /cJack Canfield0 aJack Canfield a352 hlm ;c13,5 x 20 cm aJakarta :bGramedia,c2002 a300 a300 JAC c a979-655-522-0 a0754490